000
00270nam a2200109Ia 4500
008
220204s9999 xx 000 0 und d
082
_a
551.45
_b
LEO
100
_a
Leopold, A Starker
245
0
_a
Desert
260
_a
Nederland
_b
Time Life International
_c
1977
942
_c
BK
999
_c
35888
_d
35888